Statistics for Milwaukee Bucks Top 10 Leaders

Click here to take the quiz!

General Stats

  • This quiz has been taken 122 times
    (47 since last reset)
  • The average score is 11 of 27

Answer Stats

Player % Correct
Kareem Abdul-Jabbar
100%
Giannis Antetokounmpo
100%
Khris Middleton
83%
Oscar Robertson
83%
Alvin Robertson
81%
Michael Redd
64%
Ray Allen
64%
Sidney Moncrief
62%
Marques Johnson
48%
Ervin Johnson
48%
Glenn Robinson
43%
Terry Cummings
38%
Vin Baker
36%
Bob Dandridge
36%
Andrew Bogut
36%
Ersan Ilyasova
26%
Sam Cassell
26%
Paul Pressey
24%
John Henson
24%
Jon McGlocklin
24%
Junior Bridgeman
19%
Jack Sikma
17%
Brian Winters
17%
Alton Lister
14%
Quinn Buckner
10%
Harvey Catchings
7%
Randy Breuer
7%

Score Distribution

Percentile by Number Answered

Percent of People with Each Score

Your Score History

You have not taken this quiz since the last reset